2022 T20I ICC World Cup Teams - Statistics

General Stats
  • This quiz has been taken 71 times
  • The average score is 14 of 16
Answer Stats
Answer % Correct
India
98%
Pakistan
98%
Australia
96%
New Zealand
96%
South Africa
96%
England
94%
Sri Lanka
94%
Bangladesh
92%
Afghanistan
90%
Ireland
90%
West Indies
90%
Scotland
88%
Netherlands
82%
Zimbabwe
80%
Namibia
69%
United Arab Emirates
61%
No matching quizzes found
Score Distribution
Percent of People with Each Score
Percentile by Number Answered
Your Score History
You have not taken this quiz